V šľapajách dedov

Bibliographic Details
Main Author: Minďáš, Emil (Author)
Format: Article
Language:Slovak
Subjects:

MARC

LEADER 00000nab a2200000 a 4500
001 vtls001017144
003 SK-MaSNL
005 20260303035349.0
008 040720e19660101xo 0 slo
035 |a SN3094 
040 |a SNSK  |b slo  |c SNSK  |e AACR2 
041 0 |a slo 
044 |a xo  |c SK 
080 |a 331.97  |2 1981 
080 |a 929  |2 1981 
100 1 |a Minďáš, Emil  |4 aut  |9 398784 
245 1 0 |a V šľapajách dedov 
590 |a Bučák, Pavol  |b ved. tajomn. OV KSS Michalovce 
600 1 7 |a Bučák, Pavol  |2 SNSK  |9 932420 
650 0 7 |a výročia a významné udalosti  |2 SNSK  |9 16069 
651 7 |a SN,  |2 SNSK  |9 1021277 
655 7 |a periodikum  |2 snkbucl  |9 29553 
773 0 8 |t Roľnícke noviny  |g Roč. 21, 5.10.1966, s. ? 
852 |a ZVYKNI  |b KIS3GCP 
999 |c 1677203  |d 1679133